000 00357 a2200157 4500
001 74745
020 _a978853571068-7
040 _cAnchieta - Colégio São Paulo
100 _aMachado, Antonio
240 1 0 _aMatemática e realidade
_lpor
245 1 0 _aMatemática e realidade
300 _a352
362 0 _a2009
650 4 _aMatemática
942 _cBK
999 _c74745
_d74745